[Event "Reykjavik op"]
[Site "Reykjavik"]
[Date "2024.03.15"]
[Round "1"]
[White "Cooper, Malcolm H"]
[Black "Tourbez, Geofrey"]
[Result "0-1"]
[WhiteElo "1804"]
[BlackElo "1517"]
[PlyCount "60"]
[EventDate "2024.03.15"]
[EventType "swiss"]
[EventRounds "9"]
[EventCountry "ISL"]
[SourceTitle "CBM 219 Extra"]
[Source "ChessBase"]
[SourceDate "2024.05.31"]
[SourceVersion "1"]
[SourceVersionDate "2024.05.31"]
[SourceQuality "1"]

1. d4 Nf6 2. c4 g6 3. Nc3 Bg7 4. e4 d6 5. Nf3 0-0 6. Be2 Nbd7 7. 0-0 e5 8. h3 Qe7 9. d5 Nc5 10. Qc2 a5 11. b3 Bd7 12. Bg5 h6 13. Be3 b6 14. a3 Nh5 15. b4 axb4 16. axb4 Nb7 17. Ra2 Nf4 18. Rfa1 Rxa2 19. Rxa2 f5 20. Bf1 g5 21. Ra7 g4 22. hxg4 fxg4 23. Ne1 Bc8 24. Na4 h5 25. c5 h4 26. cxb6 Rf7 27. Ba6 h3 28. Bxb7 hxg2 29. Bxc8 Qh4 30. Bxg4 Qh1# 0-1

[Event "Harrogate 4NCL op 24th"]
[Site "Harrogate"]
[Date "2020.01.18"]
[Round "2"]
[White "Cooper, Malcolm H"]
[Black "MacDonald, Ciaran"]
[Result "0-1"]
[WhiteElo "1847"]
[BlackElo "1640"]
[PlyCount "106"]
[EventDate "2020.01.17"]
[EventType "swiss"]
[EventRounds "5"]
[EventCountry "ENG"]
[SourceTitle "CBM 195 Extra"]
[Source "ChessBase"]
[SourceDate "2020.05.31"]
[SourceVersion "1"]
[SourceVersionDate "2020.05.31"]
[SourceQuality "1"]

1. d4 d5 2. c4 c6 3. Nf3 Nf6 4. Nc3 dxc4 5. a4 Bf5 6. e3 e6 7. Bxc4 Bb4 8. Bd2 a5 9. 0-0 Nbd7 10. h3 0-0 11. Nh4 Bg6 12. Nxg6 hxg6 13. Na2 Bd6 14. b4 Ne4 15. b5 c5 16. dxc5 Ndxc5 17. Bc3 Qe7 18. Qe2 Rfd8 19. Rfd1 Nxa4 20. Qc2 Naxc3 21. Nxc3 Nxc3 22. Qxc3 Rac8 23. Qb3 Bb4 24. Kf1 Qf6 25. Rac1 b6 26. Kg1 Kf8 27. Rxd8+ Rxd8 28. Rd1 Ke8 29. Kf1 Rxd1+ 30. Qxd1 Qc3 31. Bb3 Ke7 32. Kg1 Qe1+ 33. Qxe1 Bxe1 34. Kf1 Bb4 35. Ke2 Kd6 36. Bc4 Kc5 37. Bd3 Bc3 38. Kd1 Kb4 39. Kc2 a4 40. Kb1 a3 41. Ka2 Bb2 42. Kb1 Kb3 43. Bc2+ Kc3 44. Be4 Kd2 45. Bc6 f6 46. h4 Ke2 47. Be8 Kxf2 48. Bxg6 Kxe3 49. Bf7 e5 50. g4 Kf4 51. Be6 e4 52. Kc2 e3 53. Kd1 Kf3 0-1

[Event "Basingstoke 4NCL Spring Bank 2nd U2050"]
[Site "Basingstoke"]
[Date "2019.05.27"]
[Round "6"]
[White "Verma, Shlok"]
[Black "Cooper, Malcolm H"]
[Result "0-1"]
[WhiteElo "1702"]
[BlackElo "1925"]
[PlyCount "118"]
[EventDate "2019.05.24"]
[EventType "swiss"]
[EventRounds "7"]
[EventCountry "ENG"]
[SourceTitle "EXT 2020"]
[Source "ChessBase"]
[SourceDate "2019.10.17"]
[SourceVersion "1"]
[SourceVersionDate "2019.10.17"]
[SourceQuality "1"]

1. d4 Nf6 2. c4 g6 3. Nc3 Bg7 4. e4 d6 5. Nge2 0-0 6. Ng3 c5 7. d5 Na6 8. Be2 Nc7 9. 0-0 Bd7 10. f4 a6 11. a4 b5 12. axb5 axb5 13. Rxa8 Qxa8 14. e5 Nfe8 15. Bf3 bxc4 16. h4 h5 17. Re1 Qc8 18. Qe2 Bh6 19. Qc2 Ng7 20. Be4 Nf5 21. Nxf5 Bxf5 22. Bxf5 Qxf5 23. Qxf5 gxf5 24. Kf2 Re8 25. g3 Bg7 26. exd6 exd6 27. Rxe8+ Nxe8 28. Nb5 Kf8 29. Ke3 Ke7 30. Kd2 Kd7 31. Na3 Nf6 32. Nxc4 Ne4+ 33. Kd3 Nxg3 34. Nd2 Bf6 35. Nf3 Ne4 36. Ng5 Ke7 37. Nxe4 fxe4+ 38. Kxe4 Bxh4 39. Kf5 Bf2 40. Bd2 h4 41. Kg4 Kf6 42. Bc3+ Bd4 43. Kxh4 Kf5 44. Kg3 Ke4 45. Kg4 Kxd5 46. Kg5 f6+ 47. Kg6 Ke6 48. f5+ Ke5 49. Be1 Bxb2 50. Bh4 Kd5 51. Bxf6 Bxf6 52. Kxf6 c4 53. Ke7 c3 54. f6 c2 55. f7 c1Q 56. f8Q Qc7+ 57. Kf6 Qc3+ 58. Ke7 Qe3+ 59. Kd7 Qa7+ 0-1